00916cam a2200265 4500001001300000003000400013005001700017008004100034010002200075040003100097050002200128051002700150082001200177100003400189245011000223260004800333300005800381490004500439504002800484650001600512650002600528650003000554830004900584999001700633gs 66000286 DLC20260227111419.0690723s1967 dcuab b 00010 eng c ags 66000286 //r85 aU.S. Geol. Survey. Library0 aQE75b.P9 no. 547 aQE807.A5bJ63cCopy 2. a564/.5310aJones, David Lawrence,d1930-10aCretaceous ammonites from the lower part of the Matanuska formation, southern Alaska,cby David L. Jones.0 aWashington,bU.S. Govt. Print. Off.,c1967. aiv, 49 p.billus., 2 maps (1 fold. in pocket)c29 cm.1 aGeological Survey professional paper 547 aBibliography: p. 44-46. 0aAmmonoidea. 0aPaleontologyzAlaska. 0aPaleontologyyCretaceous. 0aGeological Survey professional paper ;v547. c30259d30259